[Event "SUI-chT"]
[Site "Switzerland"]
[Date "2001.10.28"]
[Round "9.4"]
[White "Pelletier, Yannick"]
[Black "Atlas, Valeri"]
[Result "1-0"]
[WhiteElo "2548"]
[BlackElo "2472"]
[Annotator "Pelletier,Y"]
[PlyCount "93"]
[EventDate "2001.03.04"]
[EventType "team-tourn"]
[EventRounds "9"]
[EventCountry "SUI"]
[SourceTitle "EXT 2002"]
[Source "ChessBase"]
[SourceDate "2001.11.25"]
[SourceVersion "1"]
[SourceVersionDate "2001.11.25"]
[SourceQuality "1"]
[WhiteTeam "Biel"]
[BlackTeam "Zuerich"]
[WhiteTeamCountry "SUI"]
[BlackTeamCountry "SUI"]

1. Nf3 Nf6 2. c4 e6 3. Nc3 c5 4. g3 b6 5. e4 d6 $6 ({Ein minderwertiger Zug,
da Schwarz eine ungünstige Igel-Stellung bekommt. Besser ist} 5... Bb7 6. Qe2
Nc6 7. Bg2 d6 8. O-O Be7 9. Rd1 e5) 6. d4 cxd4 7. Nxd4 Bb7 8. Bg2 {Nun hat
Weiss e4 gedeckt, ohne dafür ein Tempo mittels Qe2 oder Rd1 verbraucht zu
haben.} a6 9. O-O Qc7 10. Be3 Be7 11. Rc1 O-O (11... Nbd7 $2 {geschah in
meiner Begegnung mit dem russischen IM V.Adler aus dem Open in Linares 2001.
Nun kam ich nach dem typischen Opfer} 12. Nd5 $1 Qd8 (12... exd5 13. cxd5 Qd8
14. Nc6) 13. e5 $1 {[%cal Gg2b7] klar in Vorteil.}) 12. f4 Re8 13. f5 {[%csl
Re6] Diese Stellung existiert mit einem Turm auf e1, wobei Schwarz den viel
nützlicheren Zug Nbd7 bereits gespielt hat. Valery Atlas entscheidet sich
dafür, das Feld d5 endgültig zu schwächen, um noch grössere Probleme zu
vermeiden.} e5 (13... Bf8 14. fxe6 fxe6 15. Bh3) 14. Nd5 Qd8 15. Nc2 ({Diese
Partie wurde anlässlich der letzten Runde der Schweizer
Mannschaftsmeisterschaft ausgetragen, und dieser Wettkampf zwischen Biel und
Zürich sollte über den Ausgang der Meisterschaft entscheiden. Deshalb
verzichtete ich auf das günstige aber riskante Opfer} 15. Ne6 $5 fxe6 16. fxe6
{, denn ich wollte meine Mannschaftskollegen nicht in Unruhe bringen. Dabei
überschätzte ich auch meine Chancen in der Partiefolge, was meine Entscheidung
gewiss beeinflusste. Nach z.B:} Nc6 (16... Nxd5 17. exd5 $36 {[%csl Rb8]}) 17.
Bxb6 Qc8 18. Bh3 {hätte Weiss starke Kompensation erhalten.}) 15... Nbd7 16.
Bf3 Nc5 17. b4 Ncxe4 18. Bxb6 ({Weiss gewinnt weder nach} 18. Qd3 Nxd5 19. cxd5
Nf6) ({noch} 18. Nxf6+ Bxf6 19. Qd3 d5 {eine Figur.}) 18... Qd7 19. Nce3 $14 {
[%csl Gd5]} ({Die schwarze Kompensation wäre im Fall von} 19. Nc7 Qc6 20. Nxa8
Bxa8 21. Be3 Qxc4 {augenscheinlich. Weiss steht nun dank seiner guten
Zentrumskontrolle leicht besser.}) 19... Rab8 20. Ba5 Bd8 21. Bxd8 Qxd8 22.
Nxf6+ (22. Bxe4 $6 Nxe4 23. f6 {ist attraktiv, aber kaum ausreichend:} Bxd5 24.
Nxd5 Nxf6 25. Nxf6+ (25. Rxf6 gxf6 26. Qg4+ Kh8) 25... gxf6 {[%csl Rb4][%cal
Ye5e1] und es fehlt einfach Figuren für den Angriff.}) 22... Nxf6 23. Bxb7 Rxb7
24. Qa4 $2 ({Die Dame hat hier nichts zu suchen und der Textzug erweist sich
deshalb als Zeitverlust.} 24. a3 Qb6 (24... a5 25. b5 $5 Qb6 26. Qf3) 25. Qf3
Rd7 26. Kg2 $14 {(/\ g4) war die richtige Spielweise}) 24... Qb8 (24... Qb6 25.
c5 Qxb4 26. Qxb4 Rxb4 27. cxd6 {/\ Nc4}) 25. a3 Qa7 26. Rfe1 Rc8 27. Qd1 $1 {
Der Ausrufezeichen kommt für die Erkennung des fehlerhaften 24. Zugs. Auf f3
leistet die Dame genau das richtige - Kontrolle der weissen Zentralfelder,
Unterstützung des Vorstosses g4 und Schutz für den eigenen König. Nun ist es
aber zu spät, um einen Vorteil zu versprechen.} Rd7 28. Kg2 h6 (28... Qb7+ 29.
Qf3 Qxf3+ 30. Kxf3 $14 {[%csl Rd5,Re4][%cal Gg3g4,Gg4g5]}) 29. Qf3 {[%csl Yg2]
[%cal Rf3d5,Gg3g5]} (29. g4 d5 $132) 29... Qd4 30. g4 $6 ({Den letzten Zug
meines Gegners hatte ich total übersehen, was diese nervöse Reaktion erklären
könnte. Die Zeit war wohl gekommen, um einen Remisweg zu suchen! Korrekt war
also} 30. Re2 Qd3 31. Ng4 Qxf3+ 32. Kxf3 Nxg4 33. Kxg4 d5 34. c5 f6 {mit
kompliziertem aber wahrscheinlich remisträchtigem Endspiel.}) 30... Qb2+ 31.
Kh1 Qxa3 ({Die richtige Antwort lag in einem Konter im Zentrum. Nach} 31... d5
$1 {wäre der Mangel an Koordination bei Weiss ans Licht gekommen, z.B:} 32.
Rcd1 e4 $36) 32. h4 Qd3 $2 ({Die weisse Offensive nach} 32... Qxb4 {sollte
nicht unterschätzt werden:} 33. g5 hxg5 34. hxg5 Nh7 35. Qh5 $44 ({oder} 35. f6
)) ({Am besten war vermutlich} 32... h5 $5 {, da Weiss nach} 33. g5 Ng4 {
den Abtausch seines Ne3 zulassen muss. Und nach dem besseren 33.gxh5 wäre das
Feld f6 für den schwarzen Springer auf ewig garantiert, wobei die Chancen
verteilt blieben.}) 33. Red1 $1 (33. Ra1 Rxc4 34. Qa8+ Kh7 35. Nxc4 Qh3+ 36.
Kg1 Qxg4+ 37. Qg2 Qxc4 $19) 33... Qe4 34. Qxe4 Nxe4 35. Kg2 {Dieses Endspiel
hatte ich richtig eingeschätzt. Der Mehrbauer spielt keine grosse Rolle, denn
Schwarz ist nicht in der Lage, die Felder d5 und e4 zu kontrollieren. Dazu
kommt, dass der Kg8 in Gefahr steht.} Rc6 $6 36. Kf3 Nf6 37. g5 hxg5 $6 ({
Die Öffnung der h-Linie ist kaum empfehlenswert, aber auch nach} 37... Ne8 38.
gxh6 gxh6 39. Rg1+ Kf8 40. Nd5 Nc7 41. Ke4 $1 {entwickelt Weiss einen
aussichtsreichen Angriff.}) 38. hxg5 Nh5 (38... Nh7 39. Kg4 $16) (38... Ne8 39.
Rh1) 39. c5 Nf4 ({Oder} 39... f6 40. g6 Nf4 $140 41. cxd6 $18) 40. Nc4 f6 {
Wegen der Drohung Nxe5 erzwungen.} 41. cxd6 $1 Rd8 ({Nach Beendigung der
Zeitnotphase hatte ich genug Zeit, um die Folge} 41... fxg5 42. Nxe5 Rxc1 43.
Rxc1 Rxd6 44. Rc8+ Kh7 45. Nf7 Rd3+ 46. Ke4 g6 47. f6 $18 {durchzurechnen.})
42. gxf6 $1 (42. g6 Kf8 43. Rh1 {sieht entscheidend aus, aber Schwarz verfügt
noch über} Kg8 $1 44. Rh7 Rdxd6 {, was äusserst unklar ist. Es kann auch sehr
schnell schiefgehen, z.B:} 45. Nxd6 (45. Rch1 Rd3+ 46. Ne3 Kf8 47. Rh8+ Ke7 48.
R1h7 Nh5 $1 $13) 45... Rxc1 46. Ne8 Rc3+ 47. Kg4 Nd3 48. Nxg7 $140 $4 Nf2+ 49.
Kh4 Rh3# {Aber dank der geöffneten g-Linie gewinnt nun Weiss leicht.}) 42...
gxf6 43. Rh1 Rcc8 (43... Rdxd6 44. Nxd6 Rxd6 45. Rc8+ Kg7 46. Rch8 $18) 44.
Rcg1+ Kf8 45. Rh8+ Kf7 46. Rh7+ Kf8 47. Rgh1 1-0

[Event "Troll Masters"]
[Site "Gausdal"]
[Date "1996.??.??"]
[Round "5"]
[White "Petursson, Margeir"]
[Black "Emms, John M"]
[Result "1-0"]
[WhiteElo "2585"]
[BlackElo "2505"]
[Annotator "Petursson,M"]
[PlyCount "55"]
[EventDate "1996.01.??"]
[EventType "swiss"]
[EventRounds "9"]
[EventCountry "NOR"]
[SourceTitle "CBM 050"]
[Source "ChessBase"]
[SourceDate "1996.02.01"]
[SourceVersion "1"]
[SourceVersionDate "1996.02.01"]
[SourceQuality "1"]

1. c4 c5 2. Nf3 Nc6 3. Nc3 Nf6 4. g3 d5 5. cxd5 Nxd5 6. Bg2 Nc7 7. d3 e5 8. Nd2
Bd7 9. O-O Be7 10. Nc4 O-O 11. a4 $5 {N} (11. Bxc6 Bxc6 12. Nxe5 Be8 $44) 11...
b6 12. Bd2 $5 Rb8 (12... Rc8 $6 13. Nb5 $1) 13. f4 exf4 14. Bxf4 {
Kortschnoj-Matulovic Sarajevo 1969 with colours reversed} Rc8 (14... Bg5 15.
Bd6 Be7 16. Bf4 Bg5 {1/2-1/2 Kortschnoj-Matulovic, Sarajevo 1969 - with
colours reversed!}) 15. a5 (15. Nb5 Nxb5 $2 (15... Ne6 $1 16. Bxc6 Rxc6 17.
Nxa7 Nxf4 18. Nxc6 (18. Rxf4 Rh6 $5 $44) 18... Nh3+ 19. Kg2 Qa8 $17) 16. axb5
Nd4 17. Rxa7 $16) 15... Ne6 16. Bd2 Rb8 17. axb6 axb6 18. Nd5 {/\ Ra6 +/=} b5
19. Na5 Nxa5 $6 (19... Bg5 20. Bxg5 (20. e3 $5 $14) 20... Qxg5 21. Nxc6 Bxc6
22. Nf6+ gxf6 23. Bxc6 Kg7 $13) 20. Bxa5 Qe8 21. Bc3 $1 $14 Nd4 22. e3 Nc6 23.
Qh5 $1 b4 $2 (23... f6 24. Qxe8 Rfxe8 $14) 24. Bf6 $3 $18 h6 (24... gxf6 25.
Be4 f5 26. Rxf5 f6 27. Rg5+ $18) 25. Be4 Be6 26. Rf4 $1 Rd8 (26... Bxd5 27.
Qxh6 $3 {Mate next move!}) 27. Bxe7 Bxd5 (27... Nxe7 28. Nf6+ gxf6 29. Qxh6 Ng6
30. Rh4 {Mate next move}) 28. Bxd8 (28. Bxd8 Bxe4 29. Rxe4 Qxd8 30. Qxc5 $18)
1-0

[Event "NED-chT"]
[Site "Netherlands"]
[Date "1998.03.07"]
[Round "7"]
[White "Piket, Jeroen"]
[Black "Van Wely, Loek"]
[Result "1/2-1/2"]
[WhiteElo "2575"]
[BlackElo "2605"]
[Annotator "Piket,L"]
[PlyCount "83"]
[EventDate "1998.??.??"]
[EventType "team"]
[EventRounds "9"]
[EventCountry "NED"]
[SourceTitle "CBM 065"]
[Source "ChessBase"]
[SourceDate "1998.08.06"]
[SourceVersion "1"]
[SourceVersionDate "1998.08.06"]
[SourceQuality "1"]

1. d4 Nf6 2. Nf3 d5 3. c4 e6 4. Nc3 c5 5. cxd5 Nxd5 6. e4 cxd4 7. Qxd4 Nxc3 8.
Qxc3 Nc6 9. Bb5 Bd7 10. O-O Qb6 (10... a6 $5 11. Bxc6 (11. Bd3 Rc8) (11. Ba4 $5
Rc8 12. Rd1 b5 13. Bb3 Na5 14. Qd4) 11... Bxc6 12. Re1 (12. Ne5 Bxe4 13. Re1
Bd5)) 11. a4 Qc5 12. Qd3 Qd6 (12... a6 $6 13. Be3 (13. Rd1 $1 Rd8 14. Bxc6 Qxc6
15. Ne5 Qc7 16. Bf4) 13... Qd6) 13. Qe2 a6 14. e5 Qc7 (14... Nxe5 15. Nxe5 axb5
16. Rd1) 15. Bd3 Nb4 16. Be4 (16. Bb1 Rc8 {Piket-Van Wely Wijk aan Zee'98
Blitz [1-0]}) 16... Bc6 17. Bd2 Bxe4 18. Qxe4 Nd5 (18... Qc2 $2 19. Qxc2 $1 (
19. Qg4 Qg6 (19... h5) 20. Qc4 Qd3) 19... Nxc2 20. Rac1 Nb4 21. Rc7) (18... Qc6
19. Qh4 $1 (19. Qg4 h5 20. Qg3 Nd5 21. Rfc1 Qb6 (21... Qd7) 22. a5 Qb5 23. h4 (
23. Nd4 $6 Qd7) 23... g6 24. Bg5 (24. Ng5)) 19... Nd5 (19... Be7 20. Qg4) 20.
Rfc1 Qd7 21. Rc4 (21. Rc2) 21... Be7 22. Qg3 g6 23. Bh6 Bf8 24. Qg5 $16) 19.
Rfc1 Qd7 (19... Qb6 20. a5 Qb5 21. Ra4) 20. h4 $1 h5 (20... h6 21. h5 Be7 22.
Qg4) (20... g6 21. h5) (20... Be7 21. Qg4 g6 22. Bh6 (22. h5)) 21. Bg5 $1 (21.
Ng5 Be7 (21... g6) 22. Qf3 Bxg5 23. Bxg5 Rc8 24. Rxc8+ Qxc8 25. Rc1 Qd7 26. b3
g6 27. Rd1 $36 (27. Rc5 $40)) 21... Be7 (21... Bb4 22. Rc4 a5 23. b3 Rc8 (23...
O-O 24. Rd1 (24. g4 hxg4 25. Qxg4 f5 26. exf6 Nxf6) 24... Rfc8 25. g4 hxg4 26.
Qxg4 Rxc4 (26... Rc6 27. h5 Rac8 28. Rxd5 $6 (28. Kg2) (28. Kh2 Rxc4 29. bxc4
Ne3 30. Rxd7 Nxg4+ 31. Kg3 Rxc4 32. Rd8+ Kh7 33. Bf4) 28... Qxd5 29. Bf6 Bf8
30. h6 Rxc4 31. bxc4 Qxc4) 27. bxc4 Qxa4 28. Nd4 Nc3 29. Rd3 $40) 24. Rd1 O-O
25. g4 hxg4 26. Qxg4 Rc6 27. Rxd5 Qxd5 28. Bf6 g6 29. h5) 22. Bxe7 Qxe7 (22...
Kxe7 23. Ng5 g6 24. Qf3 Kf8 25. Rc5 Kg7 26. Rxd5 exd5 27. Qf6+ Kg8 28. e6) (
22... Nxe7 23. Ra3 (23. Ng5 g6 (23... Nf5 24. Qb4 a5 25. Qc5) (23... Ng6 24.
Ra3 (24. Qb4 a5 25. Qc5 b6 26. Qxb6 (26. Qa3 Nxe5) 26... O-O 27. Qe3 $16) 24...
O-O 25. Rd3 Qe7 26. Rd6 $16)) 23... O-O (23... Rd8 24. Ng5) 24. Rd3 Nd5 25. Ng5
g6 26. Rf3 Rac8 27. Rd1 (27. Rxc8 Qxc8 (27... Rxc8 28. Rxf7 Qxf7 29. Nxf7 Kxf7
$16) 28. g4 hxg4 29. Qxg4 $13)) 23. Ra3 O-O (23... Qb4 24. Qxb4 Nxb4 25. Rc7
O-O 26. Rxb7 Rfb8 27. Rxb8+ Rxb8 28. Rb3 a5 29. Nd4 $6 (29. Rc3 Nd5 30. Rc5
Rxb2 31. Rxa5) 29... Rd8) 24. Ng5 g6 25. Rf3 Kg7 (25... Rac8 26. Rxc8 Rxc8 27.
Nxf7 Qxf7 28. Rxf7 Kxf7 29. f3 $16) 26. g4 hxg4 27. Qxg4 Kh6 $5 (27... Rae8 28.
Re1 Rc8 (28... Kh6 29. Ne4) 29. h5) 28. Kh1 $2 (28. Rd1 $5 Rac8 29. Rxd5 exd5
30. Rf6 (30. Rxf7 $1 Rc1+ 31. Kg2 Qxf7 (31... Rxf7 32. Nxf7+ Qxf7 33. Qg5+ Kh7
34. Qxc1)) 30... Rc6 31. Nxf7+ Qxf7 32. Qf4+ (32. Rxf7 Rxf7 33. e6 Rf6) 32...
Kg7 33. Rxf7+ Rxf7 34. Qd4 Rc4 35. Qxd5 Rg4+ 36. Kf1) (28. Ne4 $1 Rac8 29. Rxc8
Rxc8 30. Nd6 (30. Qg5+ Kg7 (30... Qxg5+ 31. hxg5+ Kg7 32. Rxf7+ Kxf7 33. Nd6+
Ke7 34. Nxc8+ Kd7 35. Nd6 Kc6) 31. Nd6) 30... Rf8 (30... f5 31. Qg5+) (30...
Rc1+) 31. a5 Kg7 (31... f5 32. exf6 Qxd6 (32... Rxf6 33. Qg5+ Kg7 34. Rxf6 Nxf6
35. Qe5 Kh6 36. Nxb7) 33. Qg5+ Kh7 34. h5 Qc7 35. hxg6+ Kg8 36. f7+ Kg7 37. Qh4
) 32. Rb3) 28... f5 29. exf6 Rxf6 30. Rxf6 Qxf6 31. Nxe6 Re8 32. Qg5+ (32. Re1
Nf4) 32... Qxg5 33. hxg5+ Kh7 34. Rc5 (34. Nc7 Rc8) (34. Nc5 Re2) 34... Rxe6
35. Rxd5 Rb6 36. Rd2 Rb4 37. Kh2 (37. a5 Rh4+ 38. Kg2 Rg4+) (37. f3 Rxa4 38.
Rd7+ Kg8 39. Rxb7 Ra5 40. f4 Rf5 41. Rb6 Kf7 (41... Rxf4 42. Rxg6+ Kf7 43. Rxa6
Rb4 44. Rf6+ Kg7 45. Rf2 Kg6 46. Kg1 (46. Rg2 Rb5 47. Rg1 (47. Kg1 Rxg5 48. b4
Rxg2+ 49. Kxg2 Kf6 50. b5 Ke5))) 42. Rxa6 Rxf4 $11) 37... Rxa4 38. Rd7+ Kg8 39.
Rxb7 Rg4 40. Rb6 Rxg5 41. Rxa6 Rb5 42. Rxg6+ 1/2-1/2

[Event "Biel"]
[Site "Biel"]
[Date "1990.??.??"]
[Round "9"]
[White "Polugaevsky, Lev"]
[Black "Andersson, Ulf"]
[Result "1/2-1/2"]
[WhiteElo "2610"]
[BlackElo "2630"]
[Annotator "Polugaevsky,L"]
[PlyCount "100"]
[EventDate "1990.07.??"]
[EventType "tourn"]
[EventRounds "14"]
[EventCountry "SUI"]
[EventCategory "14"]
[SourceTitle "CBM 019"]
[Source "ChessBase"]
[SourceDate "1990.12.01"]
[SourceVersion "1"]
[SourceVersionDate "1990.12.01"]
[SourceQuality "1"]

1. c4 {Ribli} c5 2. Nf3 Nf6 3. Nc3 Nc6 4. e3 d5 (4... e6 5. d4 d5 $10) 5. cxd5
Nxd5 6. Bb5 e6 (6... Ndb4 7. d4 cxd4 8. exd4 a6 9. Bxc6+ Nxc6 10. d5 $16) (6...
Nxc3 $5) 7. Ne5 Bd7 8. Bxc6 Bxc6 9. Nxc6 $14 bxc6 10. Qa4 {10.0-0!? +/=; 10.
b3!? +/=} Qd7 11. b3 Nb4 12. O-O Be7 13. Ba3 Rb8 $6 (13... Nc2 14. Rac1 Nxa3
15. Qxa3 c4 16. Qa4 cxb3 17. axb3 $14) (13... O-O $1 {/\ 14...a5 15.Bb4 cb4 15.
Ne2 Rfd8 16.Nd4 Rac8=}) 14. Rac1 Nd3 15. Rc2 O-O 16. Qc4 Rfd8 17. Na4 Rb5 18.
Nb2 $1 $16 a5 $5 (18... Ne5 19. Qe4 Qd5 20. Qxd5 $1 cxd5 21. d4 Nd7 22. Na4 $18
) 19. Nxd3 (19. Rd1 $1 h6 (19... Ne5 20. Qe4 $16) (19... Nxb2 20. Rxb2 {
/\ 21.Rc2}) 20. Nxd3 Qxd3 21. Qxd3 Rxd3 22. Rc4 $1 {/\ 23.Kf1}) 19... Qxd3 20.
Qxd3 Rxd3 21. Rfc1 Kf8 22. Kf1 a4 $8 23. bxa4 Rb8 $1 (23... Ra5 24. Bxc5 Bxc5
25. Rxc5 Rxa4 26. Ke2 $16) 24. Bb2 (24. Bxc5 Bxc5 25. Rxc5 Rxd2 26. R5c2 Rb1 $1
$10 (26... Rb2 {Ribli} 27. Rxd2 Rxd2 28. Rxc6 Rxa2)) (24. Rb2 $5 Rxb2 25. Bxb2
Rxd2 26. Bc3 Rxa2 (26... Rd7 $1 {/\ 27...Ra7 28.a5}) 27. Ra1 Rxa1+ 28. Bxa1 $16
) 24... Ra8 25. Ke2 (25. Bc3 $5 Rxa4 26. Rb1 $14) 25... Rd7 26. Rc4 Rda7 27.
Ba3 Rxa4 28. Rxa4 Rxa4 29. Bxc5 Rxa2 30. Bxe7+ Kxe7 31. Rxc6 h5 32. f4 (32. Rc5
$5 g6 33. h4 $14) 32... g6 33. Rc7+ Kf6 34. e4 $6 (34. Rd7 $1 {/\ 35.Kf3})
34... Ra3 35. d3 Ra2+ 36. Kf3 Rd2 37. Rd7 Kg7 38. h3 h4 $1 39. d4 Rd3+ 40. Ke2
Rg3 41. Kf2 Ra3 42. e5 Kf8 43. d5 exd5 44. Rxd5 Ke7 45. Rd6 Rb3 46. Rd4 Ra3 47.
Rc4 Rb3 48. Rc8 Rb2+ 49. Kf3 Rb3+ 50. Ke4 Rb4+ 1/2-1/2

[Event "Moscow Tal Memorial 6th"]
[Site "Moscow"]
[Date "2011.11.23"]
[Round "7"]
[White "Svidler, Peter"]
[Black "Nepomniachtchi, Ian"]
[Result "1/2-1/2"]
[WhiteElo "2755"]
[BlackElo "2730"]
[Annotator "Postny,E"]
[PlyCount "115"]
[EventDate "2011.11.16"]
[EventType "tourn"]
[EventRounds "9"]
[EventCountry "RUS"]
[EventCategory "22"]
[SourceTitle "CBM 146"]
[Source "ChessBase"]
[SourceDate "2012.01.18"]
[SourceVersion "1"]
[SourceVersionDate "2012.01.18"]
[SourceQuality "1"]

1. Nf3 c5 2. c4 Nc6 3. Nc3 e5 4. e3 {This opening line gained popularity after
the Candidates matches in Kazan.} Nf6 {Nepomniachtchi has already played
several games this year in this line with both colours!} 5. Be2 (5. d4 e4 (5...
cxd4 6. exd4 e4 7. Ne5 Bb4 {is a different story.}) 6. Ne5 g6 7. Be2 Bg7 8. O-O
O-O 9. b3 cxd4 10. exd4 Re8 11. Bf4 d6 12. Nxc6 bxc6 13. Rc1 d5 14. Qd2 Ba6 15.
Rfd1 $14 {1-0 Kramnik,V (2781)-Nepomniachtchi,I (2711)/Moscow 2011/CB32_2011 
(53)}) (5. Qc2 {A rare move.} g6 6. a3 d6 7. Rb1 Bg7 8. Be2 O-O 9. d3 a5 10.
O-O h6 11. Nd2 Be6 12. Nde4 Ne8 13. Nd5 b5 14. Nec3 b4 15. Nb5 Bxd5 16. cxd5
Ne7 17. Qc4 Nc8 18. e4 Nb6 19. Qc2 Qd7 20. a4 f5 $11 {1-0 Bauer,C (2641)
-Nepomniachtchi,I (2730)/Porto Carras 2011/CB45_2011 (61)}) (5. a3 d5 6. cxd5
Nxd5 7. Bb5 Nxc3 8. bxc3 Bd6 9. Bxc6+ bxc6 10. Qa4 O-O 11. O-O Qb6 12. Ng5 Be7
13. Nf3 Bd6 14. d3 Qa6 15. Qc2 Bg4 16. Ng5 Be7 17. f3 Bxg5 18. fxg4 Rad8 $11 {
1/2-1/2 Nepomniachtchi,I (2718)-Alekseev,E (2662)/St Petersburg 2011/CB37_2011
(63)}) 5... d5 6. d4 exd4 (6... e4 $6 7. Ne5 Bd6 8. cxd5 Nxe5 9. dxe5 Bxe5 10.
Nxe4 $1 {is the trick. White wins a pawn.}) 7. exd4 {It's visible that White
doesn't lay claim to a big advantage here. The position is symmetrical.} cxd4 (
7... Be6 {is another serious theoretical option.}) 8. Nxd4 dxc4 {
Nepomniachtchi chooses the line that leads to massive exchanges.} 9. Nxc6 Qxd1+
10. Nxd1 bxc6 11. Bxc4 {In the long run White hopes to take advantage of
Black's weaknesses on the queenside.} Bb4+ 12. Bd2 Bxd2+ 13. Kxd2 Ne4+ (13...
O-O 14. Ne3 Re8 15. Rhe1 Be6 16. Kc2 Ne4 17. f3 Nd6 {+/=/= 1/2-1/2 Gavrikov,V 
(2430)-Sveshnikov,E (2525)/Yerevan 1982/MCL (31)}) 14. Kc2 O-O $2 {Perhaps too
harsh, but, I think it's wrong in principle to castle to the kingside in such
position. Black should castle to the queenside. This way the king will protect
the pawn weaknesses if needed. Meanwhile, Black's other pieces will active.} (
14... Bf5 15. Bd3 O-O-O 16. Ne3 (16. Re1 Ng3 17. Bxf5+ Nxf5 18. Rc1 Rhe8 $11)
16... Bg6 17. f3 Nc5 18. Bxg6 hxg6 $11) 15. Re1 Nd6 16. Bd3 Nb5 (16... Be6 17.
Nc3 Rab8 18. Re5 $14 {[%cal Ge5a5]}) 17. b3 $1 {Preparing the safe shelter on
b2 for the king.} Rd8 18. Nc3 Be6 19. Rad1 Nd4+ 20. Kb2 {Now White intends to
transfer his knight to c5, so Black's reply is understandable.} c5 21. Ne4 Rac8
22. Ng5 g6 23. Nxe6 Nxe6 24. Bc4 {The bishop is superior to the knight in this
position. Black's king is far away from the queenside where the main battle
will be taking place.} Rxd1 25. Rxd1 Nd4 26. Kc3 a5 (26... Kf8 27. b4 $6 (27.
Re1 $14) {[%tqu "En","Find the best move for Black.","","","c8d8","Nice trick.
",10]} 27... Rd8 $1 {Nice trick.} 28. bxc5 $4 Nb5+ 29. Kc2 Na3+ $19) 27. a3 Kf8
28. Re1 (28. b4 axb4+ 29. axb4 Rd8 $1 $11 {The same idea as in previous
commentary.}) 28... Nf5 {Transferring the knight to d6 where it will create a
barrier for White's king.} 29. Re4 Nd6 30. Rh4 h5 31. Bd3 {Setting free the
fourth rank for the rook.} Ke7 32. Ra4 Ra8 33. Kd2 f5 34. h4 Kf6 35. b4 cxb4
36. axb4 Nb7 {This is a curious position. Black is in an unpleasant pin and
can move only his king or kingside pawns. On the other hand, it's not clear
how White is going to win. White's king has always to hide behind the bishop,
otherwise Black's rook comes out with check with the subsequent exchange on b4
and equality.} 37. g3 (37. f4 Kg7 $1 {is the right move that holds.} (37... Ke6
$2 38. Ke3 {Black doesn't have ...Re8+.} Kf6 39. Kf3 {Now White's bishop is
free.} Ke6 40. Bc4+ Ke7 (40... Kd6 41. Bf7 $18) 41. Bd5 Ra7 42. Bxb7 Rxb7 43.
bxa5 $18)) 37... g5 38. f4 gxf4 $6 {In general pawns exchange favour the
defending side. However, now Black's Ph5 becomes a real target for White's
bishop.} (38... g4 {was preferable to fix white's Pg3 as a potential target.})
39. gxf4 Kg6 40. Ra3 Kf6 41. Ra1 {I suppose that Svidler wanted to provoke the
advance ...a5-a4, but Black could actually play it.} Ke6 (41... a4 $5 42. Kc3
Nd6 43. b5 a3 44. Kb3 Rg8 45. Rxa3 Rg4 46. Ra4 Rxh4 47. b6 Rg4 48. Be2 (48. Ra6
Nb7 49. Ra7 Nc5+ 50. Kc4 Nxd3 51. Kxd3 Rxf4 52. Kc3 Rf1 $11) 48... Rg1 49. Kc2
Rg2 50. Kd3 h4 51. Ra6 Ke7 52. Ra7+ Ke6 53. b7 (53. Rh7 Rg1 54. b7 Rb1 55. Bf3
Ne4 56. Bxe4 fxe4+ 57. Kxe4 h3 $11) 53... Rg3+ 54. Kc2 Nxb7 55. Rxb7 h3 56. Rh7
Kd5 $11) 42. Ra4 Kf6 43. Ra3 Ke7 44. Ke3 Kf6 45. b5 {Svidler admits that there
is no other way to achieve progress in the position.} (45. Kf3 Rd8 46. bxa5
Nxa5 $11) 45... Re8+ 46. Kd4 Rd8+ 47. Kc4 Ke6 48. Be2 Rc8+ 49. Kd4 Rd8+ 50. Ke3
Rb8 51. Bxh5 $2 {Letting him off the hook.} ({It was necessary to activate the
rook by} 51. Ra1 $1 {I wouldn't claim that White is winning, but Black's task
would be definitely tough. Here are few sample lines:} Rc8 (51... Kd5 52. Bxh5
Nd6 53. Bf3+ Kc5 54. Rc1+ Nc4+ 55. Kf2 Kb4 56. h5 a4 57. Bd5 $16) 52. b6 Rb8
53. Rb1 Nd6 54. Kd4 Rd8 55. Bc4+ Kd7 56. Bd5 $16) 51... Rh8 52. Bf3 Nd6 53. Be2
(53. Rb3 Rxh4 54. b6 Rh8 55. Kd4 Ne4 {and Black easily holds the forthcoming
rook ending.}) 53... Rxh4 54. Rxa5 Kd5 {All Black's pieces are active now.} 55.
Ra6 Nc4+ 56. Kf3 (56. Bxc4+ Kxc4 57. b6 Rh3+ 58. Kf2 Kc5 (58... Rb3 59. Ra5
Rxb6 60. Rxf5 Rb3 $1 $11 {The only move that saves him.}) 59. Ra5+ Kxb6 60.
Rxf5 Kc6 $11) 56... Rh3+ 57. Kg2 Rb3 58. Bxc4+ 1/2-1/2